000 01554nam a22001937a 4500
999 _c194846
_d194846
005 20230322161624.0
010 _aB-748946-960
020 _c495.00
_a9788195703708
035 _aB-748946-960
037 _a
_bअक्षरेष प्रकाशन
082 _a000
245 _aवस्तुनिष्ठ सामान्य आध्ययन बिहार प्रतियोगी परीक्षा /
_cक्रोनिकल संपादकीय समूह
260 _aनोएडा
_bक्रॉनिकल पब्लिकेशंस प्रा.लि
_c2023
270 _aए-26, सेक्टर-2,
_bनोएडा
_e201301
300 _a492पृ.
_c27सेमी.(अजिल्द)
500 _aबिहार कर्मचारी चयन आयोग /बिहार पुलिस अवर सेवा आयोग / केन्द्रीय चयन पर्षद(सिपाही भर्ती) । 1998-2021 के मध्य आयोजित 24 वर्षों का व्याख्यातमक हल प्रश्न-पत्र ।
942 _2ddc
_cHN
_mवस्तुनि
_h000